LDR 00625naa#a2200169#i#450# 001 EN\INFRA-M\bibl\116855 005 20260703071637.5 011 ## _a2587-9111 100 ## _a20260617b2026####ek#y0engy0150####ca 102 ## _aRU 200 1# _aDevelopment of forecasting in budget liquidity management _eJournal article 210 1# _aMoscow _cINFRA-M Academic Publishing LLC. _d2026 215 ## _a5 с. 608 ## _aJournal article _2local 675 ## _aГосударственные финансы в целом. 336.1 _aЭкономика. Экономические науки. 33 _z 700 #1 _aSidelnikov _gAlexander Sergeevich 856 4# _anaukaru.ru _u